| 000 | 01432nam a2200337 c 4500 | ||
|---|---|---|---|
| 003 | BLK | ||
| 005 | 20220105160100.0 | ||
| 008 | 180413b bul|||||r ||||||| ||bul|| | ||
| 010 | _aKNG00017643000 | ||
| 020 |
_a954-584-197-4 _bиздат.: Абагар Пъблишинг |
||
| 040 | _aBLK | ||
| 041 |
_aBUL _cBUL |
||
| 080 |
_aИстория на Византия и Гърция _b94(495) _x(092)(035) _z94(495)(092)(035) |
||
| 080 |
_aОтделни родове. Фамилии. История на родовете _b929.52 _x(495)(035) _z929.52(495)(035) |
||
| 080 |
_aБиографии _b929 _x(495) _z929(495) |
||
| 139 |
_aВизантийските василевси _bВ 58 |
||
| 245 | 1 | 0 | _aВизантийските василевси |
| 257 | _aBGR | ||
| 260 |
_аСофия _bАбагар Пъблишинг _c1997 |
||
| 300 |
_a420 с. _bс ил., факс. _c24 см |
||
| 380 | _a9 | ||
| 500 | _aДеп. списък: 25 Други авт.: Ив Билярски, Хр. Димитров, Ил. Илиев ; 1 100 тир Геогр. руб.: Византия | ||
| 650 | 4 |
_aВизантия - история _9247368 |
|
| 650 | 4 |
_aВладетели, византийски _9260618 |
|
| 650 | 4 |
_aДинастии, византийски - справочници _9260619 |
|
| 852 | _aЦб 192389 | ||
| 856 | 4 |
_qpdf _u |
|
| 856 | 4 |
_qpdf _u |
|
| 942 |
_cKNG _n0 _02 |
||
| 944 |
_aCR _c15.01.2003 _kКети_Илиева |
||
| 944 |
_aED _c31.01.2006 _k |
||
| 999 |
_c15836 _d15836 |
||